000 00781nam a2200241Ia 4500
003 OSt
005 20220923225410.0
006 a|||||r|||| 00| 0
007 ta
008 220922b |||||||| |||| 00| 0 hin d
024 _a265,994
037 _cTextual
040 _aARTS
_cARTS
_bhin
041 _2hin
_ahin
082 _aR5v, 152M9
100 _aशर्मा, लक्ष्मण प्रसाद
245 0 _aसौन्दर्यशास्त्र
_b स्वरूप एवं समस्याएॅं
246 _aSaundaryashāstra: svarūp evan samasyāeॅan
260 _c1989
300 _a110i`-
_ccm.
942 _hR5v, 152M9
_cTEXL
_2CC
999 _c377971
_d377971